Statistiche per Ricostruisci la Carriera del Calciatore - Leonardo Bonucci

Clicka qui per fare il quiz!

Statistiche generali

  • Questo quiz è stato fatto 6 volte
  • Il punteggio medio è 1 su 9

Statistiche sulle risposte

HintRisposta% Corretto
2009Pisa
67%
2009-2010 Bari
33%
2024- Fenerbahçe
33%
2005-2007 Inter
0%
2010-2017 Juventus
0%
2018-2023 Juventus
0%
2017-2018 Milan
0%
2007-2009Treviso
0%
2023-2024 Union Berlino
0%

Distribuzione punteggi

Percentile per numero di risposta

Percentuale di utenti per punteggio

I tuoi punteggi nel tempo

Non hai fatto questo quiz